Online
Catalog
Normal view MARC view

Entry Término temático

Number of records used in: 6

001 - NÚMERO DE CONTROL

  • campo de control: 17208

003 - IDENTIFICADOR DEL NÚMERO DE CONTROL

  • campo de control: OSt

005 - FECHA Y HORA DE LA ÚLTIMA TRANSACCIÓN

  • campo de control: 20200615032557.0

008 - DATOS DE LONGITUD FIJA

  • campo de control de longitud fija: 200615|| aca||aabn | a|a d

040 ## - FUENTE DE LA CATALOGACIÓN

  • Centro catalogador/agencia de origen: OSt
  • Centro/agencia transcriptor: OSt

150 ## - ENCABEZAMIENTO--TÉRMINO DE MATERIA

  • Término de materia o nombre geográfico como elemento de entrada: MUNICIPIOS
  • Subdivisión geográfica: REPÚBLICA DOMINICANA

670 ## - FUENTE DE DATOS ENCONTRADOS

  • Cita de la fuente: Work cat.: (OSt)5907: Cedeño, Sergio, 1957- 17206, La gestión municipal :, 2006.

Powered by Koha